Annual plan proposals 1984-85 (Record no. 161488)

MARC details
000 -LEADER
fixed length control field 00281nam a22001217a 4500
003 - CONTROL NUMBER IDENTIFIER
control field OSt
082 ## - DEWEY DECIMAL CLASSIFICATION NUMBER
Item number IR KAU/PLAN
Classification number VI
245 ## - TITLE STATEMENT
Title Annual plan proposals 1984-85
260 ## - PUBLICATION, DISTRIBUTION, ETC. (IMPRINT)
Place of publication, distribution, etc Vellanikkara
Name of publisher, distributor, etc Kerala Agricultural University
300 ## - PHYSICAL DESCRIPTION
Extent 58p.
546 ## - LANGUAGE
Language note English
942 ## - ADDED ENTRY ELEMENTS (KOHA)
Source of classification or shelving scheme Dewey Decimal Classification
Koha item type KAU Publications
Holdings
Lost status Source of classification or shelving scheme Damaged status Not for loan Collection code Home library Current library Shelving location Date acquired Total Checkouts Full call number Barcode Date last seen Koha item type
  Dewey Decimal Classification   Not For Loan KAU Publication KAU Central Library, Thrissur KAU Central Library, Thrissur IR 01/09/2018   IR KAU/PLAN VI 800776 01/09/2018 KAU Publications
Kerala Agricultural University Central Library
Thrissur-(Dt.), Kerala Pin:- 680656, India
Ph : (+91)(487) 2372219
E-mail: librarian@kau.in
Website: http://library.kau.in/